| 000 | 00737 a2200229 4500 | ||
|---|---|---|---|
| 999 |
_c1436 _d1436 |
||
| 020 | _a0333711289 | ||
| 050 |
_aHC800 _bASA 1997 |
||
| 100 |
_aAsante, S.K.B _eauthor |
||
| 245 |
_aRegionalism and Africa's Development : _bexpectations, reality and challenges / _cS.K.B. Asante; foreword by K.Y. Amoako |
||
| 264 |
_aHampshire : _bMacmillan Press, Inc, _c1997 |
||
| 300 |
_a206pages. _billustrations. |
||
| 336 |
_2rdacontent _atext _btxt |
||
| 337 |
_2rdamedia _aunmediated _bn |
||
| 338 |
_2rdacarrier _avolume _bnc |
||
| 504 | _aIncludes index | ||
| 505 | _a. | ||
| 520 | _a. | ||
| 650 |
_aAfrica _xEconomic policy. |
||
| 650 |
_a Africa _xEconomic integration. |
||
| 650 |
_aRegionalism _xAfrica. |
||
| 942 |
_2lcc _cBK _h 800 _iASA _kHC |
||